A world of protocols: a comprehensive review of data and communications protocols and technologies for network managers and field service engineers.

שמור ב:
מידע ביבליוגרפי
פורמט: ספר
שפה:English
יצא לאור: USA, NJ : Radcom Ltd. 1998
נושאים:
תגים: הוספת תג
אין תגיות, היה/י הראשונ/ה לתייג את הרשומה!

MARC

LEADER 00000nam a2200000Ia 4500
003 003343
005 20221231143959.0
008 140114s1998 us a 000 ||eng d
040 |c cru CEDI 
050 |a 621.382.12 W927w 
245 |a A world of protocols: a comprehensive review of data and communications protocols and technologies for network managers and field service engineers. 
260 |a USA, NJ : Radcom Ltd.  |c 1998 
300 |a xvi, 537 páginas : ilustraciones 
650 |x PROTOCOLOS DE REDES DE COMPUTADORAS   |x  REDES DE COMPUTADORAS)   |x SISTEMAS DE TRANSMISION DE DATOS   |x PROCESAMIENTO ELECTRONICO DE DATOS   |x REDES DE TELECOMUNICACIONES  |9 21739 
942 |2 ddc  |c BK 
999 |c 15142  |d 15142